Państwa które kiedykolwiek były komunistyczne - Statystyki

Ogólne statystyki
  • Ten quiz został rozwiązany 142 razy
  • Średni wynik to 4 z 8
Answers on the Grid
Answers color-coded by a green-red scale on the quiz's grid according to % correct below.
Polska
Rosja
Stany Zjednoczone
Włochy
Węgry
Chorwacja
Laos
Pakistan
Irak
Iran
Bułgaria
Wielka Brytania
Słowacja
Portugalia
Szwecja
Turcja
 
Statystyki odpowiedzi
Odpowiedź % Poprawnych
Polska
99%
Rosja
94%
Węgry
71%
Słowacja
44%
Bułgaria
37%
Laos
24%
Iran
5%
Turcja
4%
Nie znaleziono quizów pasujących do podanych kryteriów
Rozkład punktacji
Procent ludzi z każdym wynikiem
Percentyl według liczby udzielonych odpowiedzi
Twoja historia wyników
Nie rozwiązałeś tego quizu